000 00672nam a2200205 a 4500
005 20240924071224.0
008 080218s20002004mx r 000 0 spa d
020 _a8495040808
035 _aUPN01000154237
049 _aI
050 4 _aPZ76.3
_bCH5.3
100 1 _aChild, Lauren,
_d1967-
_933864
245 1 0 _aCuidado con los cuentos de lobos /
_cLauren Child ; tr. Esther Rubio.
260 _aBarcelona, Esp. :
_bSerres,
_c2000 (2004 impr.).
300 _a[31] p. :
_bprincipalmente il. col.
534 _pTraducción de:
_tBeware of the Staarybook Wolves
650 4 _aLOBOS -
_vCUENTOS Y LEYENDAS
_912307
650 4 _aLiteratura infantil
_94445
905 _aInfantil
999 _c126354
_d126354